Présentateurs de jeux TV en images - Statistiques

Statistiques générales
  • Ce quiz a été pris 231 fois
  • Le résultat moyen est 11 sur 15
Statistiques - réponses
Par images Réponse % Correct
Nagui Fam
100%
Jean-Luc Reichmann
92%
Jacques Essebag (dit Arthur)
90%
Julien Lepers
90%
Olivier Minne
88%
Samuel Étienne
88%
Vincent Rouïl (dit Vincent Lagaf')
87%
Jean-Pierre Foucault
86%
Laurence Boccolini
86%
Cyril Féraud
81%
Denis Brogniart
80%
Théo Curin
49%
Stéphane Rottenberg
43%
Laurent Romejko
36%
Sébastien Folin
33%
Aucun quiz correspondant
Distribution des résultats
% des personnes avec chaque résultat
Percentile par nombre de réponses
Votre historique - résultats
Vous n’avez pas pris ce quiz